000 01124naa a22003017a 4500
001 BR6009824
003 BR-BrBNA
005 20240918173115.0
007 ta
008 230509b bl.||||| |||| 00| 0 por d
040 _aBR-BrBNA
_bpor
_cBiblioteca Nacional de Agricultura
041 _a(Pt)
072 _aF60
_b3650
090 _aF60 BR6009824
100 1 _aFagundes, A.B.
111 1 _a1. Reuniao Sul-Americana de Botanica
_cRio de Janeiro, GB (Brazil)
_d12 Oct 1938
245 1 _aA influencia dos fitohormonios sinteticos sobre o enraizamento de estacas [Fisiologia vegetal]
260 3 _aRio de Janeiro, GB (Brasil):
_c[nd].
500 _aAnais da 1. Reuniao Sul-Americana de Botanica Rio de Janeiro, GB (Brasil): [nd]. v. 3 p. 271-292 (BR6009824-AM)F60
650 _aFisiologia vegetal
650 _aHormonio vegetal
650 _aEnraizamento de estaca
650 _aEstaca
650 _aReproducao vegetal
773 0 _tAnais da 1. Reuniao Sul-Americana de Botanica
_wF60 BR6009824
_gRio de Janeiro, GB (Brasil), [nd]. v. 3 p. 271-292
909 _a202404
_bLucia
_c55
_dLucia Elande
942 _cAM
_2AGRIS
999 _c302905
_d302905